[Event "Champions Showdown Kings Blitz 2019-B"]
[Site "Saint Louis"]
[Date "2019.02.22"]
[Round "1"]
[White "Duda, Jan-Krzysztof"]
[Black "Nakamura, Hikaru"]
[Result "0-1"]
[WhiteElo "2731"]
[BlackElo "2749"]
[Annotator "TA"]
[PlyCount "114"]
[EventDate "2019.02.09"]
[EventType "match"]
[EventCountry "USA"]
[SourceTitle "playchess.com"]
[Source "ChessBase"]
[SourceQuality "1"]

{[%evp 17,114,-9,-4,-9,-6,-19,-4,-8,-16,-26,-32,-41,-32,-29,-16,-18,0,-6,-11,-10,-7,-7,-7,-7,-7,-7,0,0,0,0,0,-17,-23,-18,6,-14,-5,-9,-9,-14,24,37,24,34,19,22,32,10,10,10,30,-3,10,8,10,-39,-43,-46,-46,-46,-47,-52,-51,-69,-1,-355,-345,-369,-362,-326,-52,-529,-345,-333,-326,-277,-162,-29980,-29981,-29981,-29982,-29982,-29983,-29975,-2794,-939,-461,-356,0,-910,-910,-910,-842,-761,-759,-686,-495,-29975,-29975]} 1. c4 Nf6 2. Nf3 e6 3. g3 d5 4. Bg2 Be7 5. O-O O-O 6. b3 c5 7. Bb2 Nc6 8. cxd5 Nxd5 9. Na3 b6 10. Nc4 {A14: English Opening: 1...e6 with b3 by White} Ba6 11. Rc1 Rc8 12. a3 $146 {The position is equal.} ({Predecessor:} 12. d3 Bf6 13. Qd2 Bxb2 14. Qxb2 Qf6 15. Qd2 Rfd8 16. Ng5 Qe7 17. f4 h6 {½-½ (57) Minasian,A (2540)-Krogius,N (2480) Cappelle-la-Grande 1995}) 12... Bf6 13. Bxf6 Qxf6 14. d3 Rfd8 15. Qd2 Qe7 16. Qb2 Qf6 17. Nce5 Nde7 18. Rc2 Nd4 19. Nxd4 Qxe5 20. Nf3 Qxb2 21. Rxb2 Bb7 22. Rc1 Bd5 23. Kf1 f6 24. Bh3 Kf7 25. Nd2 Bb7 26. Rbc2 h5 27. b4 cxb4 $1 28. axb4 b5 (28... Rxc2 {seems wilder.} 29. Rxc2 Rd7 30. b5 g5 31. f3 Nd5) 29. Nb3 Rxc2 30. Rxc2 Bd5 31. Nc5 {Black must now prevent e4.} f5 $1 32. f3 g5 33. e4 Bc6 34. Ra2 g4 35. Bg2 Rd4 36. Rxa7 Rxb4 37. Ra2 Rb1+ 38. Kf2 b4 {[%cal Bb5b4,Bb4b3][%mdl 32] Hoping for ...b3.} 39. exf5 exf5 {Strongly threatening ...b3.} 40. fxg4 hxg4 (40... Bxg2 $15 41. Kxg2 fxg4 42. Rf2+ Kg6) 41. Ke3 $2 {[%mdl 8192]} (41. Bxc6 $11 {and White is okay.} Nxc6 42. Ra6) 41... b3 $19 42. Rf2 Bxg2 43. Rxg2 {[%mdl 4096] Endgame KRN-KRN} Nc6 $2 ({Better is} 43... b2 $19 44. Kd4 {[#]} f4 $1 {[%mdl 512]}) 44. Kf4 $2 {[%mdl 8192]} (44. Na4 $15) 44... b2 {...Rf1+ is the strong threat.} 45. Kg5 Nd4 46. Na4 Ne6+ (46... Nf3+ $142 47. Kf4 Ne1 {[%mdl 64] Double Attack}) 47. Kh5 $2 {[#]} (47. Kh6 $19) 47... Ra1 ({Inferior is} 47... Ng7+ 48. Kh6 $11) 48. Rxb2 Rxa4 {KRN-KR} 49. Rb7+ Kf6 50. Rh7 Ra2 (50... Ng7+ $142 51. Kh4 Kg6 52. Rxg7+ Kxg7 53. Kg5 Ra5 54. d4 Kf7 55. Kf4 Ke6 56. Kg5 Ra3 57. Kg6 Rd3 58. d5+ Rxd5 59. Kg5 Ke5 60. Kg6 Rd7 61. Kh5 Rg7 62. Kh6 Kf6 63. h4 gxh3 64. g4 Rxg4 65. Kh5 h2 66. Kh6 h1=Q#) 51. Rh6+ Kf7 (51... Ke5 $142 52. Kg6 Ra8) 52. Rh7+ Kf6 $2 (52... Ng7+ 53. Kg5 Ra5) 53. Rh6+ Ke5 54. Kg6 Nd4 {( -> ...Ra6+)} 55. Rh8 Ra6+ 56. Kf7 Nf3 57. h4 (57. Kg7 $19) 57... gxh3 {Accuracy: White = 45%, Black = 47%.} 0-1

[Event "Champions Showdown Kings Blitz 2019-B"]
[Site "Saint Louis"]
[Date "2019.02.22"]
[Round "2"]
[White "Nakamura, Hikaru"]
[Black "Duda, Jan-Krzysztof"]
[Result "1/2-1/2"]
[WhiteElo "2749"]
[BlackElo "2731"]
[Annotator "TA"]
[PlyCount "92"]
[EventDate "2019.02.09"]
[EventType "match"]
[EventCountry "USA"]
[SourceTitle "playchess.com"]
[Source "ChessBase"]
[SourceQuality "1"]

{[%evp 22,92,7,0,19,8,12,16,15,0,0,-8,13,19,16,14,12,12,14,10,18,0,0,0,9,8,14,0,0,0,0,0,2,2,31,26,26,26,27,19,20,20,20,20,37,22,24,27,27,15,55,55,78,78,78,78,78,78,78,78,78,78,78,78,78,20,20,0,78,0,20,0,78]} 1. c4 c6 2. Nf3 d5 3. e3 Nf6 4. d4 e6 5. Nbd2 Nbd7 6. Bd3 Bd6 7. e4 e5 8. cxd5 cxd5 9. exd5 O-O 10. O-O exd4 11. Ne4 Nxe4 12. Bxe4 Nf6 {D30: Queen's Gambit Declined: Systems without Nc3} 13. Qxd4 (13. Bg5 Re8 {½-½ (13) Potkin,V (2599)-Dubov,D (2659) Sochi 2015}) 13... Nxe4 14. Qxe4 Re8 15. Qd4 Bf5 16. Bg5 Qa5 17. Bd2 Qb6 18. Bc3 {[%csl Gc3][%cal Rd4g7] [#]} Qxd4 19. Nxd4 Bd7 20. Rfe1 f6 $146 21. Ne6 Kf7 22. Nd4 Rac8 23. Rxe8 Rxe8 24. Re1 Rxe1+ 25. Bxe1 $11 {[%mdl 4096] Endgame KBB-KBN} Be5 26. Bc3 Bxd4 27. Bxd4 {KB-KB} a5 28. a3 a4 29. f3 Bb5 30. Kf2 Bc4 31. d6 Ke6 32. Bc5 b6 33. Bb4 Bb5 34. h4 f5 35. Ke3 h5 36. Kf4 g6 37. Kg5 Kf7 38. Bc3 Bc6 39. Bd4 b5 40. Bc5 Bd7 41. Bb4 Bc6 42. Kf4 Ke6 43. Ke3 (43. Bd2 $16) 43... Kd5 44. Kf4 (44. Kf2 $11) 44... Ke6 $16 45. Ke3 ({White should play} 45. Ba5 $16) 45... Kd5 $11 46. Kf4 (46. Kd3 $11) 46... Ke6 {Accuracy: White = 42%, Black = 67%.} 1/2-1/2

[Event "Champions Showdown Kings Blitz 2019-B"]
[Site "Saint Louis"]
[Date "2019.02.22"]
[Round "3"]
[White "Duda, Jan-Krzysztof"]
[Black "Nakamura, Hikaru"]
[Result "0-1"]
[WhiteElo "2731"]
[BlackElo "2749"]
[Annotator "ChessBase"]
[PlyCount "76"]
[EventDate "2019.02.09"]
[EventType "match"]
[EventCountry "USA"]
[SourceTitle "playchess.com"]
[Source "ChessBase"]
[SourceQuality "1"]
[TimeControl "900+10"]

1. c4 {[%emt 0:12:07]} Nf6 {[%emt 0:12:07]} 2. Nc3 {[%emt 0:00:09]} e6 {[%emt 0:00:11]} 3. e4 {[%emt 0:00:09]} d5 {[%emt 0:00:09]} 4. e5 {[%emt 0:00:09]} d4 {[%emt 0:00:09]} 5. exf6 {[%emt 0:00:09]} dxc3 {[%emt 0:00:09]} 6. bxc3 {[%emt 0:00:09]} Qxf6 {[%emt 0:00:10]} 7. f4 {[%emt 0:00:09]} c5 {[%emt 0:00:19]} 8. g3 {[%emt 0:00:15]} Bd7 {[%emt 0:00:10]} 9. Bg2 {[%emt 0:00:10]} Bc6 {[%emt 0:00:08]} 10. Nf3 {[%emt 0:00:09]} Be7 {[%emt 0:00:22]} 11. O-O {[%emt 0:00:13]} O-O {[%emt 0:00:10]} 12. d4 {[%emt 0:00:12]} Rd8 {[%emt 0:00:16]} 13. f5 {[%emt 0:00:26]} exf5 {[%emt 0:01:24]} 14. Bg5 {[%emt 0:00:17]} Qd6 {[%emt 0:00:10]} 15. Bf4 {[%emt 0:00:10]} Qf6 {[%emt 0:00:25]} 16. Bc7 {[%emt 0:00:46]} Rc8 {[%emt 0:00:21]} 17. Be5 {[%emt 0:00:14]} Qg6 {[%emt 0:00:10]} 18. d5 {[%emt 0:00:10]} Be8 {[%emt 0:00:10]} 19. Rb1 {[%emt 0:01:07]} Nd7 {[%emt 0:00:27]} 20. Rxb7 {[%emt 0:00:13]} Qa6 {[%emt 0:00:12]} 21. Qb3 {[%emt 0:00:25]} Bd8 {[%emt 0:00:10]} 22. Rb5 {[%emt 0:00:30]} Nxe5 {[%emt 0:00:15]} 23. Nxe5 {[%emt 0:00:09]} Bxb5 {[%emt 0:00:09]} 24. cxb5 {[%emt 0:00:09]} c4 {[%emt 0:00:09]} 25. Nxc4 {[%emt 0:00:14]} Qf6 {[%emt 0:00:11]} 26. d6 {[%emt 0:00:09]} Rab8 {[%emt 0:00:09]} 27. Bd5 {[%emt 0:00:13]} Rc5 {[%emt 0:00:11]} 28. Ne3 {[%emt 0:00:22]} Rxc3 {[%emt 0:00:12]} 29. Bxf7+ {[%emt 0:00:13]} Kh8 {[%emt 0:00:10]} 30. Qd5 {[%emt 0:00:09]} Bb6 {[%emt 0:00:13]} 31. Rxf5 {[%emt 0:00:10]} Qh6 {[%emt 0:00:09]} 32. Kg2 {[%emt 0:00:10]} Qxe3 {[%emt 0:00:10]} 33. d7 {[%emt 0:00:10]} Rc5 {[%emt 0:00:17]} 34. Be8 {[%emt 0:00:09]} Rxe8 {[%emt 0:00:18]} 35. Qf7 {[%emt 0:00:10]} Rg8 {[%emt 0:00:16]} 36. Rf4 {[%emt 0:00:10]} Qe2+ {[%emt 0:00:10]} 37. Rf2 {[%emt 0:00:10]} Qe4+ {[%emt 0:00:09]} 38. Rf3 {[%emt 0:00:10]} Rc3 {[%emt 0:00:11]} 0-1

[Event "Champions Showdown Kings Blitz 2019-B"]
[Site "Saint Louis"]
[Date "2019.02.22"]
[Round "4"]
[White "Nakamura, Hikaru"]
[Black "Duda, Jan-Krzysztof"]
[Result "1-0"]
[WhiteElo "2749"]
[BlackElo "2731"]
[Annotator "TA"]
[PlyCount "131"]
[EventDate "2019.02.09"]
[EventType "match"]
[EventCountry "USA"]
[SourceTitle "playchess.com"]
[Source "ChessBase"]
[SourceQuality "1"]

{[%evp 20,131,0,0,4,11,21,16,18,20,25,27,28,33,66,65,50,20,70,64,68,66,58,64,73,56,51,50,47,48,68,56,56,55,55,59,74,49,81,100,106,69,69,64,85,20,31,24,28,27,27,27,27,27,27,17,48,36,46,33,25,22,29,17,14,16,36,20,58,55,73,51,77,75,71,72,82,82,247,72,241,175,197,196,185,82,75,67,75,0,0,0,67,67,235,237,232,233,247,232,232,232,232,232,232,232,224,216,2037,783,6095,5137,29976,29977]} 1. c4 c6 2. Nf3 d5 3. d4 Nf6 4. e3 e6 5. Nbd2 Nbd7 6. Bd3 Bd6 7. e4 e5 8. cxd5 cxd5 9. exd5 O-O 10. O-O exd4 11. Nxd4 Nb6 {D30: Queen's Gambit Declined: Systems without Nc3} 12. Nf5 Bf4 $146 ({Predecessor:} 12... Bxf5 13. Bxf5 Nbxd5 14. Nf3 Bf4 15. Qb3 g6 16. Bd3 Bxc1 17. Raxc1 Qb6 18. Qxb6 Nxb6 19. Rc7 {½-½ (56) Certek,P (2249)-Kulistak,M (2130) Tatranske Zruby 2016}) 13. d6 Bxf5 {The position is equal.} 14. Bxf5 Qxd6 15. g3 Bxd2 16. Qxd2 Qc5 17. Qc2 Rac8 18. Qb1 {Threatens to win with Be3.} Rc6 19. Be3 Qb5 20. Qd3 Qxd3 21. Bxd3 Nbd5 22. Bd2 Rd8 23. Rfd1 Rcd6 {And now ...Nb6 would win.} 24. Bc2 Nb6 25. Bf4 Rxd1+ 26. Rxd1 Rxd1+ 27. Bxd1 $14 {[%mdl 4096] Endgame KBB-KNN} Nfd5 28. Be5 Nc8 29. Bf3 Nce7 30. Bd6 b6 31. Kf1 f6 32. Be2 (32. Ke2 $16) 32... Kf7 $11 33. Bc4 {Strongly threatening Bxe7.} Ke8 $1 34. Ke2 Kd7 35. Ba3 Kc6 36. Bd3 g6 37. Kd2 a5 38. Be4 {Bxe7 is the strong threat.} f5 39. Bf3 {aiming for Bxe7.} Kd7 40. Kd3 Nc7 41. b3 Nc6 42. Be2 Nb5 43. Bb2 Nd6 44. a3 Ne4 45. Ke3 Ne7 46. f3 Nd6 47. Kd4 Nc6+ 48. Kd5 Nd8 $2 (48... Ne8 $16) 49. a4 $2 (49. Be5 $18 {has better winning chances.} N8f7 50. Bf4) 49... Ne6 $2 (49... Nc6 $16) 50. Ke5 Nd8 51. Ba3 Nc6+ 52. Kd5 (52. Kf6 $1 $18 {is the precise move to win.}) 52... Ne7+ $16 {[#]} 53. Kd4 $1 Nc6+ 54. Kd5 (54. Ke3 $16) 54... Ne7+ $11 55. Kd4 ({White should play} 55. Ke5 $11 Ne8 56. Bb2) 55... Nc6+ $14 56. Ke3 Nb4 $2 {[#]} (56... Ke6 $14) 57. Bxb4 $1 $18 axb4 {KB-KN} 58. Kd4 Ke6 59. f4 h6 60. Bf3 g5 61. fxg5 hxg5 62. Bd5+ Kf6 63. h4 f4 $2 (63... gxh4 64. gxh4 f4) 64. hxg5+ Kxg5 65. Ke5 $1 {[%csl LRd6,LRf4][%mdl 64] Double Attack} Nc4+ 66. Bxc4 {Accuracy: White = 69%, Black = 40%.} 1-0

[Event "Champions Showdown Kings Blitz 2019-B"]
[Site "Saint Louis"]
[Date "2019.02.22"]
[Round "5"]
[White "Duda, Jan-Krzysztof"]
[Black "Nakamura, Hikaru"]
[Result "1-0"]
[WhiteElo "2731"]
[BlackElo "2749"]
[Annotator "TA"]
[PlyCount "71"]
[EventDate "2019.02.09"]
[EventType "match"]
[EventCountry "USA"]
[SourceTitle "playchess.com"]
[Source "ChessBase"]
[SourceQuality "1"]

{[%evp 10,71,8,6,27,-1,-1,-1,0,0,0,0,0,0,0,-57,-35,-33,16,15,27,23,29,35,25,17,23,7,0,-46,15,0,15,-39,0,0,0,0,0,0,265,267,293,164,311,304,301,291,271,199,362,247,400,226,1054,1054,986,968,6470,6124,29990,29991,29993,29994]} 1. c4 Nf6 2. Nc3 e6 3. e4 d5 4. cxd5 exd5 5. e5 Ne4 6. Nf3 Bf5 {A18: English Opening: Flohr-Mikenas System (1 c4 Nf6 2 Nc3 e6 3 e4)} 7. d3 (7. d4 {looks sharper.} Bb4 8. Qa4+ Nc6 9. Bb5 Qd7 10. Qb3) 7... Nxc3 8. bxc3 c5 {The position is equal.} 9. d4 c4 10. a4 Nc6 11. Be2 Be7 12. Ba3 $146 (12. O-O $11) ({Predecessor:} 12. O-O O-O 13. Ne1 Na5 14. Nc2 {0-1 (41) Aronian,L (2764)-Nakamura,H (2769) Stavanger 2018}) 12... Bxa3 $15 13. Rxa3 f6 14. Ra2 O-O 15. O-O Qa5 16. Qd2 Rae8 {[%cal Rf6e5]} 17. exf6 Rxf6 18. Bd1 Rfe6 {aiming for ...Bd3.} 19. Rb2 Qc7 (19... Bd3 $15 20. Re1 {[#]} Nxd4 $1 {[%mdl 512]} 21. Rxe6 Nxe6 22. Rxb7 Nc5) 20. Ng5 Rf6 21. Bh5 (21. Bc2 $11) 21... Rd8 22. Re1 h6 23. Nf3 g6 24. Qxh6 {And now Nh4 would win.} Rdf8 $2 {[%mdl 8192]} (24... Qg7 $1 $11 {and Black is okay.} 25. Qxg7+ Kxg7) 25. Qg5 $18 Be4 26. Nd2 (26. Nh4 $142) 26... Bf5 (26... Rxf2 {might work better.} 27. Bf3 (27. Nxe4 Rxb2 28. Qxg6+ Qg7 $16) (27. Rxe4 dxe4 28. Bxg6 Qe7 $14) 27... R8xf3) 27. Bf3 Qf7 28. Rb5 Rd6 29. g4 Be4 $2 (29... Be6 30. h3 b6) 30. Re3 a6 $2 (30... Nd8 {is a better defense.} 31. Qe5 (31. Nxe4 dxe4 32. Rf5 Ne6 $18) (31. Bxe4 Qxf2+ 32. Kh1 dxe4 $16) 31... Re6) 31. Rb6 (31. Nxe4 $142 dxe4 32. Rf5) 31... Qc7 $2 {[#]} (31... Bc2 32. a5 Rdd8) 32. Bxe4 $1 {[%mdl 512]} dxe4 33. Nxe4 Qxb6 34. Nxd6 Qb1+ 35. Kg2 Qc2 36. Nf5 {Accuracy: White = 59%, Black = 33%.} 1-0

[Event "Champions Showdown Kings Blitz 2019-B"]
[Site "Saint Louis"]
[Date "2019.02.22"]
[Round "6"]
[White "Nakamura, Hikaru"]
[Black "Duda, Jan-Krzysztof"]
[Result "1-0"]
[WhiteElo "2749"]
[BlackElo "2731"]
[Annotator "TA"]
[PlyCount "169"]
[EventDate "2019.02.09"]
[EventType "match"]
[EventCountry "USA"]
[SourceTitle "playchess.com"]
[Source "ChessBase"]
[SourceQuality "1"]

{[%evp 14,169,41,0,0,0,0,0,14,-16,-12,-33,-25,-43,-16,-16,0,-23,0,-6,0,12,2,9,5,15,13,-12,-12,-27,-14,-12,-12,-14,-16,-13,0,-18,0,0,9,24,9,0,0,0,0,0,0,8,41,34,48,45,54,37,59,18,22,-527,-526,-526,-520,-510,-489,-504,-473,-469,-193,-153,-137,-154,-65,-425,-240,-197,0,0,0,0,0,0,8,0,0,0,0,0,0,0,8,8,53,53,72,72,73,8,8,8,8,8,8,8,8,8,8,8,8,8,8,8,8,8,8,8,8,8,12,0,0,0,8,8,8,8,16,8,8,8,8,8,75,75,75,75,75,72,72,72,72,72,75,75,75,75,77,77,79,77,29988,29989,29990,29991,29992,29993,29993,29993]} 1. c4 e5 2. Nc3 Nc6 3. g3 g6 4. Bg2 Bg7 5. e3 d6 6. Nge2 f5 7. d4 Nf6 8. dxe5 dxe5 {A25: English Opening vs King's Indian with ...Nc6 but without early d3} 9. Qxd8+ (9. Bxc6+ bxc6 10. Qxd8+ Kxd8 11. b3 c5 12. Bb2 Bb7 13. O-O-O+ Kc8 14. Rhf1 Bf3 15. Rd2 Rd8 16. Rxd8+ Kxd8 17. Ng1 Bc6 18. Nce2 Nd7 {½-½ (31) Petrosian,T (2657)-L'Ami,E (2605) Golden Sands 2012}) 9... Nxd8 10. e4 c6 {The position is equal.} 11. exf5 $146 ({Predecessor:} 11. O-O O-O 12. b3 Ne6 13. Be3 Rd8 14. exf5 gxf5 15. Rad1 Kf7 16. Bh3 Rxd1 17. Rxd1 {½-½ (32) Sypien,M (2283)-Almonti,A (2022) Kaunas 2011}) 11... Bxf5 12. h3 Ne6 13. Be3 Bd3 14. b3 O-O-O 15. Rd1 Bf8 16. Nc1 Bb4 17. Rxd3 Rxd3 18. Nxd3 Bxc3+ 19. Ke2 Nd4+ 20. Bxd4 (20. Kd1 {feels hotter.} Re8 21. g4 Kc7 22. Kc1 Ne6 23. Kc2) 20... Bxd4 21. Rd1 Kc7 22. Ne1 a5 23. Nc2 Bc5 24. a3 Ra8 25. h4 Ng4 26. Bh3 Nxf2 {[%mdl 64] Double Attack} 27. Rd7+ Kb6 28. Bg2 Ng4 $1 29. b4 axb4 30. axb4 {[#]} Bd4 $1 {[%mdl 512]} 31. c5+ (31. Nxd4 exd4) 31... Ka6 32. Be4 Rf8 33. Bd3+ Ka7 34. Nxd4 exd4 $14 {[%mdl 4096] Endgame KRB-KRN} 35. b5 cxb5 36. Be4 $2 {[%mdl 8192]} (36. c6 $11 {and White has nothing to worry.}) 36... Re8 $19 37. Rxb7+ Ka6 38. Rb6+ Ka5 39. Kf3 Ne5+ 40. Kf4 {Now Rd6 and White clings on.} Nc4 (40... Nd7 $142 41. Rd6 Nxc5) 41. Rb7 Rf8+ 42. Kg5 {[#]} Kb4 ({Black should try} 42... Rd8 $1 $17 43. Ra7+ Kb4) 43. Rc7 $2 {[%mdl 8192]} (43. Rd7 $1 $15) 43... Rd8 (43... Nd2 $142 44. Bg2 Rf2) 44. c6 Ne5 $2 (44... Re8 $19 45. Kf4 Nd6) 45. Re7 $11 Nxc6 $1 46. Bxc6 {KRB-KR} d3 47. Bf3 d2 48. Rxh7 Rd3 49. Be2 Rxg3+ 50. Kf4 Rd3 51. Bd1 Ka3 52. Ke4 Rd6 53. Ke3 b4 54. Rb7 Rd5 55. Ke2 ({Better is} 55. Rb6 $16 Kb2 56. Ke2 (56. Rxb4+ Kc1 $16)) 55... Rd4 56. Bc2 Rxh4 57. Kxd2 Kb2 58. Bxg6 {Hoping for Bf7.} Rh2+ 59. Ke3 b3 60. Bf7 Rh3+ 61. Kd4 Kc2 62. Bg6+ Kc1 63. Rf7 {aiming for Rf2.} Kb2 64. Be4 Ka3 65. Ra7+ Kb2 66. Bd3 Rh4+ 67. Ke3 Rh2 68. Rf7 {next Rc7 is good for White.} Kc3 69. Rc7+ Kb2 70. Bc4 {Rb7 is the strong threat.} Rc2 71. Kd4 {Black must now prevent Rg7.} Kc1 72. Rh7 Kb2 (72... Rd2+ $1 $11 {remains equal.} 73. Kc3 b2 74. Rh1+ Rd1 75. Rxd1+ {[%mdl 64] Overworked Piece} Kxd1 76. Kxb2) 73. Rh3 $16 Rd2+ 74. Kc5 Rg2 75. Kb4 (75. Rxb3+ Kc2 $18) 75... Kc1 76. Kc3 {White threatens Rh1+ and mate.} ({Weaker is} 76. Kxb3 Kd2 $18) ({Less strong is} 76. Rxb3 Rc2 $18) ({Not} 76. Bxb3 Kd2 $18) 76... Rc2+ 77. Kxb3 {Threatens to win with Rh1+.} Rb2+ 78. Kc3 {[%cal Rh3h1]} Rc2+ 79. Kd4 {Strongly threatening Bd3.} Rd2+ 80. Bd3 {And now Rh1+ would win.} Kb2 81. Rh8 Rf2 $2 {[%mdl 8192]} (81... Rg2 $16 82. Rb8+ Ka1 83. Rb1+ Ka2 84. Kc3 Ka3 85. Rb8 Rg4 86. Rb1 Rg2) 82. Rb8+ {White mates.} Kc1 83. Ke3 {[%csl Gd3][%cal Rb8b1]} Rb2 84. Rc8+ Kd1 85. Rg8 {Accuracy: White = 53%, Black = 48%.} 1-0

[Event "Champions Showdown Kings Blitz 2019-B"]
[Site "Saint Louis"]
[Date "2019.02.22"]
[Round "7"]
[White "Duda, Jan-Krzysztof"]
[Black "Nakamura, Hikaru"]
[Result "0-1"]
[WhiteElo "2731"]
[BlackElo "2749"]
[Annotator "TA"]
[PlyCount "158"]
[EventDate "2019.02.09"]
[EventType "match"]
[EventCountry "USA"]
[SourceTitle "playchess.com"]
[Source "ChessBase"]
[SourceQuality "1"]

{[%evp 10,158,24,14,17,19,14,10,11,0,14,0,3,13,11,8,16,7,9,16,31,20,51,49,75,60,86,73,82,69,70,61,69,60,74,43,66,73,58,68,61,52,56,57,71,49,102,91,129,78,81,76,63,83,91,47,95,95,97,78,124,62,111,78,81,69,87,71,97,102,102,102,106,110,135,135,164,135,135,102,102,102,135,-15,114,112,135,135,147,135,191,135,134,118,114,0,0,12,162,-357,-329,-450,-450,-450,-450,-450,-443,-443,-443,-443,-433,-443,-422,-387,-335,-435,-430,-427,-384,-385,-385,-337,-260,-244,-239,-168,-153,-452,-373,-589,-499,-499,-499,-498,-485,-712,-671,-5030,-4613,-6789,-6425,-29973,-29974,-29974,-29974,-29974,-29975,-29975,-29972,-29971,-5578]} 1. c4 Nf6 2. Nc3 e6 3. e4 d5 4. cxd5 exd5 5. e5 Ne4 6. Nf3 Bf5 {A18: English Opening: Flohr-Mikenas System (1 c4 Nf6 2 Nc3 e6 3 e4)} 7. d3 Nxc3 8. bxc3 c5 {The position is equal.} 9. d4 c4 10. a4 Nc6 11. Be2 Be7 12. O-O O-O 13. Ne1 {[#]} Qa5 $146 ({Predecessor:} 13... Na5 14. Nc2 {0-1 (41) Aronian,L (2764)-Nakamura,H (2769) Stavanger 2018}) 14. Bd2 f6 15. exf6 Rxf6 16. Nc2 Be6 17. Ne3 Bd6 18. g3 Ne7 19. Rb1 Qc7 20. Bf3 a6 21. Bg2 Rb8 22. f4 b5 {[#]} 23. f5 $1 {[%mdl 512]} Bf7 (23... Bxf5 24. Rxf5) 24. axb5 axb5 25. Qc2 h5 26. Kh1 Qd7 27. Rf2 Ra8 ({Better is} 27... b4 $14) 28. Rbf1 $16 b4 {[#]} 29. Nxc4 $1 {[%mdl 512]} b3 (29... dxc4 30. Bxa8) 30. Qb1 dxc4 31. Bxa8 {Strongly threatening Bg5.} Nd5 32. Qe4 Bf8 {White must now prevent ...Ra6.} 33. Kg1 $1 Ra6 34. Bxd5 $1 Bxd5 35. Qe2 (35. Qe5 $1 $16) 35... Bf7 36. f6 {Hoping for fxg7.} g6 37. Qe4 Re6 38. Qf3 Rb6 39. Bc1 Ra6 40. Re2 Ra1 41. Qf4 Qb7 42. Bb2 Ra2 43. Rfe1 Qd5 44. Bc1 Qa5 45. Rxa2 Qxa2 46. Qd2 (46. Qf2 $16 {Threatens to win with Qxa2.} Qxf2+ 47. Kxf2) 46... Qa6 (46... Qxd2 $11 {keeps the balance.} 47. Bxd2 b2) 47. Qf2 Qa5 48. Bb2 $1 Bh6 49. h3 Qd5 (49... Bf8 $16 50. h4 Qa8) 50. Kh2 (50. Re5 $18 Qc6 51. g4) 50... Bf8 51. Re5 Qa8 52. Bc1 ({White should play} 52. h4 $16) 52... h4 $11 53. Bf4 {Rb5 is the strong threat.} Qa1 (53... Qb7 $11 {and Black stays safe.} 54. Qe1 b2) 54. Re1 $4 {[%mdl 8192]} (54. Rb5 $18) 54... b2 $19 55. gxh4 b1=Q 56. Rxb1 Qxb1 57. Qg3 Qc2+ 58. Kg1 Kh7 59. Qf3 Qf5 60. Qg3 Qb1+ 61. Kf2 Qc2+ 62. Ke1 Qf5 63. Bg5 Qe6+ ({Not} 63... Qb1+ 64. Kf2 $19) 64. Kd2 Bd6 65. Qg4 Qxg4 66. hxg4 Be6 67. Ke3 Bxg4 68. Ke4 $2 {[#]} (68. Bf4 $17 Ba3 69. Ke4) 68... Be6 $1 69. d5 (69. Bf4 $142 Bf5+ 70. Kf3) 69... Bh3 70. Kd4 {[#]} Bf1 $1 71. Bc1 Kg8 72. Bh6 (72. Ke4 $142 Kf7 73. Bg5) 72... Kf7 73. Bg5 Bd3 74. Ke3 Be5 {[%mdl 64] Double Attack} 75. d6 Bxd6 {Black mates.} 76. Kd4 Bc7 77. Kd5 Bg3 78. Kd4 Ke6 79. Kc5 Be5 {Accuracy: White = 46%, Black = 59%.} 0-1